000 00665nam a2200253Ia 4500
003 OSt
005 20221005091828.0
006 a|||||r|||| 00| 0
007 ta
008 221004b |||||||| |||| 00| 0 eng d
024 _a104303
037 _cTextual
040 _aCRL
_cCRL
_beng
041 _2eng
_aeng
082 _aCN1, L1.4
100 _aBerestetskii V B
_9616585
245 0 _aRelativistic quantum theory
260 _aNew York
_bPergamon Press
_c1971
490 _vVol.4 of
500 _aDSK Collection
700 _a Lifshitz E M
942 _hCN1, L1.4
_cTEXL
_2cc
999 _c997844
_d997844